000 00468nmm a2200157Ia 4500
008 251105s9999||||xx |||||||||||||||||und||
020 _a9781558852211
041 _aspa
_aeng
100 _aLachtman, Ofelia Dumas
245 0 _aBig enough = Bastante grande
264 _a[Washington, Estados Unidos] :
_bArte Público Press,
_c1998
300 _a32 páginas
650 _aAges 6-8 Years Old
856 _uhttps://public.digitaliapublishing.com/a/23118
942 _cCF
999 _c74674
_d74674